[Event "Pere Noel-B"]
[Site "Gatineau CAN"]
[Date "2016.12.06"]
[Round "1"]
[White "Sabourin, Yves"]
[Black "Clermont, Yves"]
[Result "1-0"]
[WhiteElo "1474"]
[BlackElo "1225"]
[PlyCount "65"]
[EventDate "2016.12.06"]
[EventType "swiss"]
[EventRounds "5"]
[EventCountry "CAN"]

1. e4 c5 2. c3 e6 3. d4 cxd4 4. cxd4 d6 5. Nf3 Be7 6. Be2 Qc7 7. O-O Nf6 8.
Nbd2 O-O 9. b3 Bd7 10. Bb2 Nc6 11. Rc1 a6 12. d5 exd5 13. Bxf6 Bxf6 14. exd5
Qa5 15. dxc6 bxc6 16. Nc4 Qxa2 17. Qxd6 Rad8 18. Qd2 Qxb3 19. Qc2 Qb4 20. Nce5
Bxe5 21. Nxe5 Rfe8 22. Nxd7 Rxd7 23. Qxc6 Rdd8 24. Bxa6 h6 25. Qc3 Qb6 26. Bc4
Rc8 27. Qb3 Qf6 28. Rc3 Re7 29. Bxf7+ Rxf7 30. Rxc8+ Kh7 31. Qd3+ g6 32. Qd8
Qxd8 33. Rxd8 1-0

[Event "Pere Noel-B"]
[Site "Gatineau CAN"]
[Date "2016.12.06"]
[Round "1"]
[White "Traversy, Pierre"]
[Black "Rioux, Jocelyn"]
[Result "0-1"]
[WhiteElo "1210"]
[BlackElo "1466"]
[PlyCount "81"]
[EventDate "2016.12.06"]
[EventType "swiss"]
[EventRounds "5"]
[EventCountry "CAN"]

1. d4 Nf6 2. Nf3 e6 3. c4 Be7 4. Nc3 b6 5. e4 O-O 6. Bd3 c5 7. d5 d6 8. b3 Nbd7
9. O-O Ng4 10. h3 Nge5 11. Bc2 Bf6 12. Bb2 a6 13. Re1 b5 14. Re3 bxc4 15. Nxe5
Nxe5 16. Na4 cxb3 17. Bxb3 Bd7 18. f4 Bxa4 19. fxe5 Bg5 20. Rf3 Bb5 21. a4 Bd7
22. exd6 Qb6 23. e5 Rab8 24. Kh1 exd5 25. Rb1 d4 26. Qf1 Be6 27. Bc1 Bxc1 28.
Qxc1 c4 29. Ba2 Qc6 30. Rg3 Qxa4 31. Ra3 Rxb1 32. Bxb1 Qb5 33. Qf1 Rb8 34. Ra1
a5 35. Qe1 Qd5 36. Ba2 Bxh3 37. Qg3 Bf5 38. Rc1 Bd3 39. Qg5 f6 40. e6 Qxg5 41.
Bxc4 0-1

[Event "Pere Noel-B"]
[Site "Gatineau CAN"]
[Date "2016.12.13"]
[Round "2"]
[White "Berthiaume, Serge"]
[Black "Seguin, Hubert"]
[Result "1-0"]
[WhiteElo "1446"]
[BlackElo "1565"]
[PlyCount "85"]
[EventDate "2016.12.06"]
[EventType "swiss"]
[EventRounds "5"]
[EventCountry "CAN"]

1. c4 c5 2. Nc3 Nc6 3. g3 g6 4. Bg2 Bg7 5. d3 d6 6. Bd2 e6 7. Rb1 Nge7 8. a3
O-O 9. Na2 d5 10. cxd5 exd5 11. Nf3 Nf5 12. Qc1 Re8 13. Qxc5 Nfd4 14. Nxd4 Nxd4
15. e3 Bg4 16. Bc3 Nf3+ 17. Bxf3 Bxf3 18. Bxg7 Bxh1 19. Qd4 f5 20. Bh6 Qd7 21.
Nc3 b6 22. Kd2 Bf3 23. Qf4 Bg4 24. f3 Bh3 25. Rg1 Qe7 26. Nxd5 Qe5 27. Qxe5
Rxe5 28. Nf6+ Kf7 29. Nxh7 Rh8 30. Bf4 Rb5 31. Ng5+ Kf6 32. b4 Rh5 33. Rc1 a5
34. Rc6+ Kg7 35. Ne6+ Kf7 36. Nc7 Bf1 37. Nxb5 Rxh2+ 38. Kc3 Bg2 39. Rxb6 axb4+
40. axb4 Bxf3 41. Nd6+ Ke7 42. Ra6 Rh1 43. b5 1-0

[Event "Pere Noel-B"]
[Site "Gatineau CAN"]
[Date "2016.12.13"]
[Round "2"]
[White "Bourbonnais, Luc"]
[Black "Louis-Cadet, Jonathan"]
[Result "0-1"]
[WhiteElo "1286"]
[BlackElo "1169"]
[PlyCount "118"]
[EventDate "2016.12.06"]
[EventType "swiss"]
[EventRounds "5"]
[EventCountry "CAN"]

1. e4 e6 2. d4 d5 3. Nc3 Bb4 4. e5 c5 5. a3 Bxc3+ 6. bxc3 Nc6 7. Qg4 g6 8. Bg5
Nge7 9. Bf6 Rg8 10. Nf3 Qa5 11. Kd2 Nf5 12. dxc5 d4 13. Nxd4 Nfxd4 14. Bd3 Nf5
15. Bxf5 exf5 16. Qc4 Be6 17. Qd3 Qxc5 18. f4 Ne7 19. Qe3 O-O-O+ 20. Ke2 Bc4+
21. Kf3 Qc6+ 22. Kf2 Rd7 23. Rhd1 Nd5 24. Qxa7 Qb6+ 25. Qxb6 Nxb6 26. Rd4 Rxd4
27. cxd4 Nd5 28. Bg5 Nc3 29. h4 Ne4+ 30. Ke3 Nxg5 31. hxg5 b5 32. Rh1 Rh8 33.
Kd2 Kd7 34. Kc3 Bd5 35. Rh2 Kc6 36. g3 Be6 37. Kb2 Kd5 38. Kc3 Ke4 39. Rd2 Ra8
40. Kb4 Bc4 41. d5 Bxd5 42. Kxb5 Rxa3 43. c4 Be6 44. c5 Rxg3 45. Rc2 Rb3+ 46.
Ka4 Rb8 47. c6 Rc8 48. Kb4 Kxf4 49. Rc5 Kxg5 50. Kb5 h5 51. c7 h4 52. Kc6 h3
53. Rb5 h2 54. Rb1 Kf4 55. Kd6 g5 56. Rh1 Kg3 57. Rc1 f4 58. Rc3+ f3 59. Rc1
Kg2 0-1

[Event "Pere Noel-B"]
[Site "Gatineau CAN"]
[Date "2016.12.13"]
[Round "2"]
[White "Clermont, Yves"]
[Black "Legare, Gilles"]
[Result "1-0"]
[WhiteElo "1225"]
[BlackElo "1029"]
[PlyCount "67"]
[EventDate "2016.12.06"]
[EventType "swiss"]
[EventRounds "5"]
[EventCountry "CAN"]

1. e4 c5 2. Nf3 Nc6 3. d4 cxd4 4. Nxd4 e5 5. Nb3 Nf6 6. Nc3 Bb4 7. Qf3 Be7 8.
Be3 O-O 9. O-O-O d6 10. h3 Na5 11. Nxa5 Qxa5 12. Kb1 Bd7 13. g4 Kh8 14. g5 Ng8
15. h4 Be6 16. Bh3 Rac8 17. Bxe6 fxe6 18. Qh3 Qb4 19. a3 Qa5 20. Qxe6 b5 21.
Nd5 Qa4 22. Rd2 Qxe4 23. Rhd1 Qxh4 24. Nxe7 Rc4 25. Nxg8 Rxg8 26. Rxd6 Qh5 27.
Rd8 Qxd1+ 28. Rxd1 Rcc8 29. Qxe5 a6 30. Rd7 b4 31. g6 bxa3 32. gxh7 Rb8 33.
hxg8=Q+ Kxg8 34. Qxb8+ 1-0

[Event "Pere Noel-B"]
[Site "Gatineau CAN"]
[Date "2016.12.13"]
[Round "2"]
[White "Iyamuremye, Gervais"]
[Black "Sabourin, Yves"]
[Result "1-0"]
[WhiteElo "1441"]
[BlackElo "1474"]
[PlyCount "85"]
[EventDate "2016.12.06"]
[EventType "swiss"]
[EventRounds "5"]
[EventCountry "CAN"]

1. e4 e6 2. d4 d5 3. e5 c5 4. c3 Nc6 5. Nf3 cxd4 6. cxd4 Nge7 7. g4 h5 8. gxh5
Rxh5 9. Bd3 Nf5 10. Nc3 g6 11. Bxf5 Rxf5 12. Be3 Be7 13. Qe2 Qb6 14. O-O-O Bd7
15. Ne1 O-O-O 16. Nc2 Kb8 17. Qb5 Qxb5 18. Nxb5 Rc8 19. Nc3 Nb4 20. f4 Nxc2 21.
Kxc2 Ba4+ 22. b3 Bb4 23. Bd2 Bb5 24. h4 Bxc3 25. Bxc3 Rxf4 26. h5 Rf2+ 27. Rd2
Rxd2+ 28. Kxd2 Rh8 29. h6 Kc7 30. Ke3 Kd7 31. Kf4 Bd3 32. Kg5 Rh7 33. Bb4 Be4
34. Rc1 Rh8 35. Bd6 f6+ 36. Kxf6 Rxh6 37. Rc7+ Kd8 38. Rxb7 Rh2 39. Rxa7 Rf2+
40. Kxe6 Kc8 41. a4 Bf5+ 42. Kxd5 Bd7 43. e6 1-0

[Event "Pere Noel-B"]
[Site "Gatineau CAN"]
[Date "2016.12.13"]
[Round "2"]
[White "Lecorre, Joel"]
[Black "Traversy, Pierre"]
[Result "1-0"]
[WhiteElo "1506"]
[BlackElo "1210"]
[PlyCount "40"]
[EventDate "2016.12.06"]
[EventType "swiss"]
[EventRounds "5"]
[EventCountry "CAN"]

1. e4 e5 2. Bc4 Nf6 3. d4 d6 4. dxe5 Ng4 5. Nf3 Be6 6. Bxe6 fxe6 7. Ng5 Nxe5 8.
Nxe6 Qd7 9. Nf4 Nbc6 10. Nc3 O-O-O 11. O-O g6 12. Ncd5 Be7 13. b4 Nb8 14. b5
Nc4 15. a4 a5 16. Qe2 Nb6 17. Nxb6+ cxb6 18. Nd5 Qe6 19. Qc4+ Kd7 20. Nxb6+ Ke8
1-0

[Event "Pere Noel-B"]
[Site "Gatineau CAN"]
[Date "2016.12.13"]
[Round "2"]
[White "Masse-Garneau, Anthony"]
[Black "Arcand, Pierre"]
[Result "1-0"]
[WhiteElo "1373"]
[BlackElo "1177"]
[PlyCount "63"]
[EventDate "2016.12.06"]
[EventType "swiss"]
[EventRounds "5"]
[EventCountry "CAN"]

1. d4 d5 2. c4 e6 3. Nc3 Nf6 4. Bg5 Be7 5. Nf3 O-O 6. Qc2 Nc6 7. a3 dxc4 8. e3
h6 9. Bxf6 Bxf6 10. Bxc4 a6 11. O-O b5 12. Ba2 Bb7 13. b4 a5 14. Bb1 g6 15.
bxa5 Rxa5 16. Rd1 b4 17. Ne4 bxa3 18. Qb3 Ba6 19. Rxa3 Rxa3 20. Qxa3 Be2 21.
Rc1 Bxf3 22. Rxc6 Bxe4 23. Bxe4 Qa8 24. Qxa8 Rxa8 25. Kf1 Ra7 26. d5 Be5 27.
dxe6 Ra1+ 28. Ke2 fxe6 29. Rxe6 Bxh2 30. Rxg6+ Kh7 31. Ra6+ Kg7 32. Rxa1 1-0

[Event "Pere Noel-B"]
[Site "Gatineau CAN"]
[Date "2016.12.13"]
[Round "2"]
[White "Rioux, Jocelyn"]
[Black "Raymond, Robert"]
[Result "1-0"]
[WhiteElo "1466"]
[BlackElo "1282"]
[PlyCount "79"]
[EventDate "2016.12.06"]
[EventType "swiss"]
[EventRounds "5"]
[EventCountry "CAN"]

1. e4 e5 2. Nf3 Nc6 3. Bc4 h6 4. d4 d6 5. dxe5 Be6 6. Bxe6 fxe6 7. exd6 Bxd6 8.
Nc3 a6 9. O-O Qe7 10. Re1 O-O-O 11. Qe2 g5 12. e5 Bc5 13. Ne4 Ba7 14. Nexg5 Rd7
15. Ne4 Qf7 16. Be3 Bxe3 17. Qxe3 Nge7 18. Nf6 Nf5 19. Qc3 Rdd8 20. Rad1 Nfe7
21. Qe3 Nf5 22. Qe2 Nfe7 23. Rxd8+ Rxd8 24. Rd1 Nd5 25. Nxd5 exd5 26. Nd4 Nxd4
27. Rxd4 c5 28. Qg4+ Kb8 29. e6 Re8 30. Rxd5 Qe7 31. Qf4+ Ka7 32. Qxh6 Qxe6 33.
Qxe6 Rxe6 34. Kf1 b6 35. Rd7+ Kb8 36. c4 Rh6 37. h3 Rh4 38. b3 b5 39. cxb5 axb5
40. Rd5 1-0

[Event "Pere Noel-B"]
[Site "Gatineau CAN"]
[Date "2017.01.10"]
[Round "3"]
[White "Arcand, Pierre"]
[Black "Legare, Gilles"]
[Result "0-1"]
[WhiteElo "1177"]
[BlackElo "1029"]
[PlyCount "86"]
[EventDate "2016.12.06"]
[EventType "swiss"]
[EventRounds "5"]
[EventCountry "CAN"]

1. e4 c5 2. Nf3 Nc6 3. Nc3 e6 4. Bb5 Qc7 5. O-O a6 6. Bxc6 dxc6 7. d3 e5 8. h3
Bd7 9. b3 Be7 10. Bb2 Bd6 11. Ne2 Nf6 12. Ng3 g6 13. Qd2 O-O-O 14. Qg5 Nh5 15.
Nxh5 gxh5 16. Qxh5 f6 17. Qh6 Be7 18. Nh4 Kb8 19. Rae1 Ka7 20. f4 Qb6 21. c4 f5
22. fxe5 Bxh4 23. Qxh4 fxe4 24. Rxe4 Be6 25. Re3 h5 26. Rf4 Qc7 27. d4 Qh7 28.
Qf2 h4 29. Ree4 Rhf8 30. Rxh4 Qe7 31. Ref4 a5 32. Rxf8 Rxf8 33. Rf4 Rg8 34.
dxc5 Bxh3 35. g3 Qh7 36. Rh4 Qxh4 37. Kh2 Qg4 38. Bd4 Qe6 39. Qf6 Qg4 40. Qf2
Qd7 41. a3 Be6 42. Kg1 Rg4 43. Qf3 Rxd4 0-1

[Event "Pere Noel-B"]
[Site "Gatineau CAN"]
[Date "2017.01.10"]
[Round "3"]
[White "Rioux, Jocelyn"]
[Black "Berthiaume, Serge"]
[Result "1-0"]
[WhiteElo "1466"]
[BlackElo "1445"]
[PlyCount "59"]
[EventDate "2016.12.06"]
[EventType "swiss"]
[EventRounds "5"]
[EventCountry "CAN"]

1. e4 c5 2. Nf3 Nc6 3. d4 cxd4 4. Nxd4 g6 5. Nc3 Bg7 6. Be3 Nf6 7. Qd2 Ng4 8.
Nxc6 bxc6 9. Bd4 f6 10. Bc4 Ne5 11. Bb3 Ba6 12. O-O-O Bc4 13. Bxe5 Bxb3 14.
Bxf6 Bxf6 15. axb3 Qc7 16. f4 O-O-O 17. e5 Bg7 18. Qe2 d6 19. exd6 exd6 20.
Qg4+ Kb7 21. Rhe1 Rhe8 22. Ne4 Re7 23. Ng5 Rde8 24. Ne6 Qa5 25. Nxg7 Rxe1 26.
Nxe8 Qa1+ 27. Kd2 Qa5+ 28. c3 Re7 29. Nxd6+ Ka6 30. Qc8+ 1-0

[Event "Pere Noel-B"]
[Site "Gatineau CAN"]
[Date "2017.01.10"]
[Round "3"]
[White "Sabourin, Yves"]
[Black "Simard, Paul"]
[Result "1-0"]
[WhiteElo "1474"]
[BlackElo "1201"]
[PlyCount "85"]
[EventDate "2016.12.06"]
[EventType "swiss"]
[EventRounds "5"]
[EventCountry "CAN"]

1. e4 e5 2. Nf3 d6 3. Bc4 Be7 4. O-O Nf6 5. Nc3 O-O 6. d4 Nbd7 7. d5 c6 8. b3
Nc5 9. Qe2 b5 10. Bd3 cxd5 11. exd5 a6 12. Ne4 Nxd5 13. Nxc5 dxc5 14. Bb2 Bf6
15. Be4 Bb7 16. Rfd1 Re8 17. Qe1 Qb6 18. Rab1 b4 19. Bxd5 Bxd5 20. Rxd5 e4 21.
Ng5 Bxb2 22. Rxb2 Qc6 23. Qd2 h6 24. Nh3 Qf6 25. Rb1 g5 26. Rd6 Qg7 27. Qd5 Qf8
28. Rd1 e3 29. fxe3 Rxe3 30. Nxg5 Rae8 31. Rg6+ Kh8 32. Nxf7+ Kh7 33. Rxh6+
Qxh6 34. Nxh6 Kxh6 35. Qxc5 Re1+ 36. Rxe1 Rxe1+ 37. Kf2 Re4 38. Qf5 Rh4 39. Kg3
Rh5 40. Qf6+ Kh7 41. h4 Rh6 42. Qf7+ Kh8 43. Kg4 1-0

[Event "Pere Noel-B"]
[Site "Gatineau CAN"]
[Date "2017.01.10"]
[Round "3"]
[White "Seguin, Hubert"]
[Black "Raymond, Robert"]
[Result "1/2-1/2"]
[WhiteElo "1565"]
[BlackElo "1282"]
[PlyCount "118"]
[EventDate "2016.12.06"]
[EventType "swiss"]
[EventRounds "5"]
[EventCountry "CAN"]

1. e4 e5 2. Nf3 Nc6 3. Bb5 d6 4. d4 Bd7 5. O-O Nf6 6. Nc3 Be7 7. Bg5 O-O 8.
dxe5 Nxe5 9. Bxd7 Nfxd7 10. Be3 Bf6 11. Nd4 Nc6 12. Qd2 Nde5 13. Nxc6 Nxc6 14.
f4 Re8 15. Rfe1 Bxc3 16. Qxc3 Rxe4 17. Bd2 Qe7 18. Qg3 d5 19. f5 Qe5 20. Bc3
Qxg3 21. hxg3 Rae8 22. Kf2 d4 23. Bd2 Kf8 24. Rad1 R4e5 25. g4 Rxe1 26. Rxe1
Rxe1 27. Kxe1 Ne5 28. Bb4+ Ke8 29. g5 g6 30. f6 Nc4 31. Bc5 Nxb2 32. Bxd4 Nc4
33. Ke2 Kd7 34. Kd3 Nd6 35. g4 a6 36. a4 c6 37. Bb6 Nc8 38. Ba5 b6 39. Bb4 b5
40. a5 Ke6 41. Kd4 Kd7 42. Ke5 Kc7 43. Bc5 Kd7 44. Bb4 Na7 45. Bc5 Nc8 46. c3
Kc7 47. Bb4 Kd7 48. Bc5 Kc7 49. Bb4 Na7 50. Bc5 Nc8 51. Bb4 Kd7 52. Bc5 Kc7 53.
Bb4 Kd8 54. Bc5 Kd7 55. Bb4 Kc7 56. Bc5 Kd8 57. Bb4 Kd7 58. Bc5 Ke8 59. Bb4 Kd7
1/2-1/2

[Event "Pere Noel-B"]
[Site "Gatineau CAN"]
[Date "2017.01.17"]
[Round "4"]
[White "Iyamuremye, Gervais"]
[Black "Rioux, Jocelyn"]
[Result "1-0"]
[WhiteElo "1441"]
[BlackElo "1466"]
[PlyCount "97"]
[EventDate "2016.12.06"]
[EventType "swiss"]
[EventRounds "5"]
[EventCountry "CAN"]

1. e4 e6 2. Nf3 d5 3. exd5 exd5 4. d4 Nf6 5. h3 c6 6. Bg5 Be7 7. Be2 h6 8. Bxf6
Bxf6 9. c3 O-O 10. O-O Qd6 11. Bd3 Be6 12. Re1 Nd7 13. Bc2 Be7 14. Qd3 f5 15.
Nbd2 Nf6 16. Ne5 Ne4 17. Ng6 Rf6 18. Nxe7+ Qxe7 19. f3 Nxd2 20. Qxd2 Rg6 21.
Bxf5 Rf6 22. Rxe6 Rxe6 23. Bxe6+ Qxe6 24. Re1 Qg6 25. Qe2 Rf8 26. Qe6+ Qxe6 27.
Rxe6 Kf7 28. Re5 Re8 29. Rxe8 Kxe8 30. Kf2 Kf7 31. f4 Kf6 32. g4 g5 33. f5 a5
34. Ke2 b6 35. Kd2 h5 36. a4 hxg4 37. hxg4 Ke7 38. b4 Kd6 39. Kc2 Ke7 40. Kb3
Kd6 41. c4 axb4 42. Kxb4 c5+ 43. dxc5+ bxc5+ 44. Kc3 d4+ 45. Kd3 Ke5 46. a5 Kf4
47. a6 Kxg4 48. f6 Kf3 49. f7 1-0

[Event "Pere Noel-B"]
[Site "Gatineau CAN"]
[Date "2017.01.17"]
[Round "4"]
[White "Lecorre, Joel"]
[Black "Berthiaume, Serge"]
[Result "0-1"]
[WhiteElo "1506"]
[BlackElo "1446"]
[PlyCount "27"]
[EventDate "2016.12.06"]
[EventType "swiss"]
[EventRounds "5"]
[EventCountry "CAN"]

1. e4 c5 2. Nc3 Nc6 3. g3 g6 4. Bg2 Bg7 5. d3 Nf6 6. Nge2 d6 7. O-O O-O 8. h3
a6 9. Be3 b5 10. Qd2 b4 11. Nd1 Ne8 12. g4 Bd7 13. Bh6 e5 14. Ne3 0-1

[Event "Pere Noel-B"]
[Site "Gatineau CAN"]
[Date "2017.01.17"]
[Round "4"]
[White "Legare, Gilles"]
[Black "Bourbonnais, Luc"]
[Result "0-1"]
[WhiteElo "1029"]
[BlackElo "1286"]
[PlyCount "58"]
[EventDate "2016.12.06"]
[EventType "swiss"]
[EventRounds "5"]
[EventCountry "CAN"]

1. e4 e5 2. Nc3 Nf6 3. Nf3 Nc6 4. Be2 Bc5 5. d3 d6 6. Bd2 O-O 7. Bg5 Be6 8. Qd2
h6 9. Be3 Bb4 10. O-O d5 11. a3 Ba5 12. Bc5 Re8 13. b4 Bb6 14. Bxb6 axb6 15.
Nh4 dxe4 16. Qd1 g5 17. Nxe4 Nxe4 18. Bh5 gxh4 19. Bxf7+ Bxf7 20. Qg4+ Ng5 21.
Kh1 Kh7 22. Qxh4 Ne6 23. Qc4 Ng5 24. Qg4 Rg8 25. Qe2 Nd4 26. Qd1 Bd5 27. c4
Bxg2+ 28. Kxg2 Ngf3+ 29. Kh1 Qh4 0-1

[Event "Pere Noel-B"]
[Site "Gatineau CAN"]
[Date "2017.01.17"]
[Round "4"]
[White "Raymond, Robert"]
[Black "Sabourin, Yves"]
[Result "0-1"]
[WhiteElo "1282"]
[BlackElo "1474"]
[PlyCount "106"]
[EventDate "2016.12.06"]
[EventType "swiss"]
[EventRounds "5"]
[EventCountry "CAN"]

1. e4 e6 2. d3 c5 3. Nc3 d5 4. g3 d4 5. Nb1 Nc6 6. Bg2 Nf6 7. Nf3 e5 8. O-O Be6
9. c3 Qd7 10. c4 Be7 11. b3 a5 12. a4 Bg4 13. Qd2 h5 14. Nh4 Rg8 15. f3 g5 16.
fxg4 gxh4 17. g5 h3 18. gxf6 hxg2 19. Qxg2 Bd6 20. Rf5 Nb4 21. Qf3 h4 22. g4
O-O-O 23. h3 Rg6 24. Rg5 Qe6 25. Rxg6 fxg6 26. Bd2 Rf8 27. Bg5 Be7 28. Bxh4
Bxf6 29. g5 Be7 30. Qg3 Rf4 31. Na3 Nxd3 32. Qxd3 Rxh4 33. Kh2 Qg4 34. Rg1 Qxe4
35. Qxe4 Rxe4 36. Nb5 Re2+ 37. Rg2 d3 38. Nc3 Rxg2+ 39. Kxg2 Bxg5 40. Kf3 Bf4
41. Nd5 g5 42. Nc3 Kd7 43. Ne4 Kc6 44. Nc3 b6 45. Kf2 d2 46. Kf3 Kd6 47. Ke4
Ke6 48. Kf3 Kf5 49. Nd1 e4+ 50. Ke2 Kg6 51. Nf2 e3 52. Ng4 Kh5 53. Nf6+ Kh4 0-1

[Event "Pere Noel-B"]
[Site "Gatineau CAN"]
[Date "2017.01.17"]
[Round "4"]
[White "Simard, Paul"]
[Black "Clermont, Yves"]
[Result "1-0"]
[WhiteElo "1201"]
[BlackElo "1225"]
[PlyCount "43"]
[EventDate "2016.12.06"]
[EventType "swiss"]
[EventRounds "5"]
[EventCountry "CAN"]

1. f4 d5 2. e3 Nc6 3. Nf3 f6 4. Bb5 Bd7 5. O-O e5 6. Bxc6 Bxc6 7. fxe5 fxe5 8.
Nxe5 Nf6 9. b3 Qd6 10. Bb2 O-O-O 11. Bd4 Qe6 12. a4 Bd6 13. Nxc6 bxc6 14. Bxa7
Bxh2+ 15. Kxh2 Qe5+ 16. Kg1 Qxa1 17. Bd4 Qa2 18. Bc5 Qb2 19. Bd4 Qa2 20. Qc1
Ne4 21. d3 Ng3 22. Re1 1-0

[Event "Pere Noel-B"]
[Site "Gatineau CAN"]
[Date "2017.01.17"]
[Round "4"]
[White "Traversy, Pierre"]
[Black "Arcand, Pierre"]
[Result "1-0"]
[WhiteElo "1210"]
[BlackElo "1177"]
[PlyCount "85"]
[EventDate "2016.12.06"]
[EventType "swiss"]
[EventRounds "5"]
[EventCountry "CAN"]

1. d4 d5 2. Nf3 Nf6 3. Nc3 e6 4. a3 Be7 5. Bf4 a6 6. Be5 Nc6 7. e3 Nxe5 8. Nxe5
O-O 9. Be2 Bd6 10. Nf3 Re8 11. Qd2 e5 12. dxe5 Bxe5 13. h3 Bxc3 14. bxc3 Ne4
15. Qd3 Qf6 16. Qd4 Nxc3 17. Qxf6 gxf6 18. Bd3 Ne4 19. Nd2 Nxd2 20. Kxd2 Re5
21. Rab1 b5 22. c3 c5 23. g4 c4 24. Bc2 Bd7 25. f4 Re7 26. f5 Rae8 27. Rbe1 Bc6
28. Rhg1 a5 29. Rg3 Rb8 30. Rb1 Reb7 31. g5 Kg7 32. h4 b4 33. cxb4 axb4 34.
axb4 Rxb4 35. Ra1 fxg5 36. hxg5 Rb2 37. Ra6 R2b6 38. Ra3 Rb2 39. Rh3 Rh8 40.
f6+ Kf8 41. Ra7 d4 42. Rc7 Be4 43. Rc8# 1-0

[Event "Pere Noel-B"]
[Site "Gatineau CAN"]
[Date "2017.01.24"]
[Round "5"]
[White "Arcand, Pierre"]
[Black "Raymond, Robert"]
[Result "1/2-1/2"]
[WhiteElo "1177"]
[BlackElo "1282"]
[PlyCount "106"]
[EventDate "2016.12.06"]
[EventType "swiss"]
[EventRounds "5"]
[EventCountry "CAN"]

1. e4 e5 2. Nf3 Nc6 3. Nc3 d6 4. Bb5 Bd7 5. O-O Nf6 6. d3 Be7 7. b3 O-O 8. Bb2
a6 9. Bxc6 Bxc6 10. d4 Nxe4 11. Nxe4 Bxe4 12. dxe5 Bxf3 13. Qxf3 c6 14. exd6
Qxd6 15. Rad1 Qg6 16. Rd3 Rad8 17. Rfd1 Rxd3 18. Rxd3 Rd8 19. Rxd8+ Bxd8 20.
Qd1 Qg5 21. Qd7 Qe7 22. Qxe7 Bxe7 23. Kf1 Bd6 24. h3 g6 25. Ke2 Kf8 26. Ke3 Ke7
27. f4 Ke6 28. g4 f6 29. h4 h6 30. c4 f5 31. Kf3 b6 32. Bg7 h5 33. gxh5 gxh5
34. Bd4 c5 35. Bc3 b5 36. Ke3 b4 37. Bb2 a5 38. Kf3 Be7 39. Kg3 Bf6 40. Bxf6
Kxf6 41. Kf3 Ke6 42. Ke3 Kd6 43. Kd3 Kc6 44. Kc2 Kb6 45. Kb2 a4 46. bxa4 Ka5
47. Kb3 Kb6 48. a3 bxa3 49. Kxa3 Ka5 50. Kb3 Kb6 51. Ka3 Ka5 52. Kb3 Kb6 53.
Ka3 Ka5 1/2-1/2

[Event "Pere Noel-B"]
[Site "Gatineau CAN"]
[Date "2017.01.24"]
[Round "5"]
[White "Berthiaume, Serge"]
[Black "Iyamuremye, Gervais"]
[Result "1-0"]
[WhiteElo "1446"]
[BlackElo "1441"]
[PlyCount "109"]
[EventDate "2016.12.06"]
[EventType "swiss"]
[EventRounds "5"]
[EventCountry "CAN"]

1. c4 Nf6 2. Nc3 e6 3. g3 c6 4. Bg2 Be7 5. a3 Na6 6. b4 O-O 7. Bb2 d5 8. cxd5
exd5 9. Nf3 h6 10. O-O Nc7 11. e3 Bg4 12. Ne2 Nb5 13. Ne5 Bxe2 14. Qxe2 Nd7 15.
f4 Nxe5 16. fxe5 Nc7 17. Bh3 Ne6 18. d4 a5 19. Rxf7 Kxf7 20. Qh5+ g6 21. Qxh6
Rh8 22. Rf1+ Bf6 23. Bxe6+ Kxe6 24. Qxg6 Rf8 25. exf6 Rxf6 26. Rxf6+ Qxf6 27.
Qg4+ Kd6 28. Qf4+ Qxf4 29. exf4 axb4 30. axb4 Ra2 31. Bc3 Rc2 32. Be1 Rc4 33.
h4 Rxd4 34. h5 Re4 35. Kf2 Ke6 36. Bd2 b6 37. h6 Kf7 38. Kf3 Re6 39. f5 Rf6 40.
g4 c5 41. bxc5 bxc5 42. Be3 d4 43. Bd2 c4 44. Ke4 c3 45. Bc1 Rd6 46. Kd3 Kf6
47. Bf4 Rd7 48. Ke4 Rd8 49. g5+ Kf7 50. g6+ Kg8 51. h7+ Kg7 52. Be5+ Kh6 53.
h8=Q+ Rxh8 54. Bxh8 c2 55. Bxd4 1-0

[Event "Pere Noel-B"]
[Site "Gatineau CAN"]
[Date "2017.01.24"]
[Round "5"]
[White "Bourbonnais, Luc"]
[Black "Traversy, Pierre"]
[Result "1-0"]
[WhiteElo "1286"]
[BlackElo "1210"]
[PlyCount "117"]
[EventDate "2016.12.06"]
[EventType "swiss"]
[EventRounds "5"]
[EventCountry "CAN"]

1. e4 c5 2. Nf3 Nc6 3. d4 cxd4 4. Nxd4 e5 5. Nb5 d6 6. N1c3 a6 7. Na3 Nf6 8.
Bd3 b5 9. Ne2 Qb6 10. Be3 Qc7 11. O-O Be7 12. c4 b4 13. Nc2 a5 14. b3 Bb7 15.
f4 Ng4 16. Bd2 Qb6+ 17. Kh1 Nf2+ 18. Rxf2 Qxf2 19. Ne3 Qh4 20. Nd5 Bd8 21. Be1
Qh5 22. Ng3 Qxd1 23. Rxd1 Nd4 24. fxe5 dxe5 25. Bf2 Bxd5 26. exd5 Bb6 27. Ne4
Rd8 28. c5 Bc7 29. d6 Bb8 30. Bxd4 exd4 31. Bb5+ Kf8 32. Rxd4 f6 33. c6 Bxd6
34. Rxd6 Ke7 35. Rd7+ Rxd7 36. cxd7 f5 37. Nc5 Kd6 38. Nb7+ Kc7 39. d8=Q+ Rxd8
40. Nxd8 Kxd8 41. Kg1 f4 42. h4 h6 43. Kf2 g5 44. hxg5 hxg5 45. Kf3 Ke7 46. Ke4
Ke6 47. Be2 Kf6 48. Bg4 Kg6 49. Ke5 Kg7 50. Kf5 Kh6 51. Kf6 Kh7 52. Kxg5 Kg7
53. Kxf4 Kf6 54. Bf5 Kf7 55. Kg5 Kg7 56. g4 Kf7 57. Kh6 Kg8 58. g5 Kh8 59. g6
1-0

[Event "Pere Noel-B"]
[Site "Gatineau CAN"]
[Date "2017.01.24"]
[Round "5"]
[White "Legare, Gilles"]
[Black "Ethier, Valori"]
[Result "0-1"]
[WhiteElo "1029"]
[BlackElo "1376"]
[PlyCount "58"]
[EventDate "2016.12.06"]
[EventType "swiss"]
[EventRounds "5"]
[EventCountry "CAN"]

1. e4 c6 2. b3 d5 3. e5 Bf5 4. Bd3 Bxd3 5. cxd3 e6 6. d4 c5 7. Ba3 Qc7 8. Nf3
cxd4 9. Bxf8 Kxf8 10. Qe2 Nd7 11. O-O Rc8 12. Na3 a6 13. d3 Ne7 14. b4 Qc3 15.
Ng5 Qxa3 16. Qf3 Nxe5 17. Qh3 Qxd3 18. Nxe6+ fxe6 19. Qxe6 Qf5 20. Qb6 Rc2 21.
Kh1 Rxf2 22. Rg1 Ke8 23. Qxd4 Rf8 24. Rae1 Rf1 25. Rxe5 Rxg1+ 26. Qxg1 Qxe5 27.
Qd1 Rf2 28. Kg1 Rxa2 29. h3 Ra1 0-1

[Event "Pere Noel-B"]
[Site "Gatineau CAN"]
[Date "2017.01.24"]
[Round "5"]
[White "Sabourin, Yves"]
[Black "Rioux, Jocelyn"]
[Result "0-1"]
[WhiteElo "1474"]
[BlackElo "1466"]
[PlyCount "104"]
[EventDate "2016.12.06"]
[EventType "swiss"]
[EventRounds "5"]
[EventCountry "CAN"]

1. d4 Nf6 2. c4 e6 3. Nc3 d5 4. Bg5 Bb4 5. a3 Bxc3+ 6. bxc3 dxc4 7. e4 h6 8.
Bxf6 Qxf6 9. Bxc4 O-O 10. Nf3 Qg6 11. O-O Qxe4 12. Re1 Qg6 13. Ne5 Qg5 14. Re3
Nd7 15. Rg3 Qe7 16. Qh5 Nxe5 17. Qxe5 f6 18. Qh5 Kh7 19. Qg6+ Kh8 20. Re1 f5
21. Rge3 Rf6 22. Qh5 Bd7 23. Bxe6 Bxe6 24. d5 Bf7 25. Rxe7 Bxh5 26. Rxc7 Rb6
27. h3 Rb3 28. d6 Rb6 29. d7 Rc6 30. Rxc6 bxc6 31. Re6 Rd8 32. Rxc6 Rxd7 33. c4
Be2 34. c5 Bb5 35. Rc8+ Kh7 36. c6 Rd1+ 37. Kh2 Rc1 38. Rc7 Rxc6 39. Rxa7 Ra6
40. Rxa6 Bxa6 41. Kg3 Bf1 42. f4 Kg6 43. Kf2 Bd3 44. g3 Kf6 45. Kg2 Ke6 46. g4
g6 47. Kg3 Kd5 48. a4 Kc5 49. h4 h5 50. gxh5 gxh5 51. Kf3 Kd4 52. a5 Ba6 0-1

[Event "Pere Noel-B"]
[Site "Gatineau CAN"]
[Date "2017.01.24"]
[Round "5"]
[White "Simard, Paul"]
[Black "Lecorre, Joel"]
[Result "0-1"]
[WhiteElo "1201"]
[BlackElo "1506"]
[PlyCount "115"]
[EventDate "2016.12.06"]
[EventType "swiss"]
[EventRounds "5"]
[EventCountry "CAN"]

1. f4 Nf6 2. Nf3 d5 3. e3 Bg4 4. b3 e6 5. Bb2 Bd6 6. h3 Bxf3 7. Qxf3 Nbd7 8.
Bd3 Nc5 9. Nc3 Nxd3+ 10. cxd3 c6 11. O-O O-O 12. Ne2 Qe7 13. Ng3 Bc5 14. d4 Bd6
15. d3 Nd7 16. Rae1 c5 17. dxc5 Nxc5 18. Rd1 Rac8 19. d4 Nd7 20. Ne2 Rc2 21.
Rb1 Ba3 22. Rfc1 Rxb2 23. Rxb2 Bxb2 24. Rc7 Rb8 25. Qf1 Qd6 26. Rc2 Ba3 27. Nc3
a6 28. Nb1 Nb6 29. Nxa3 Qxa3 30. Qd1 g6 31. g4 Rc8 32. Kf2 Rc6 33. g5 a5 34.
Rxc6 bxc6 35. Qb1 c5 36. dxc5 Qxc5 37. Kf3 d4 38. Qe4 dxe3 39. Qxe3 Qxe3+ 40.
Kxe3 Nd5+ 41. Kd4 Nxf4 42. a4 Nd5 43. Kc5 Nc3 44. Kb6 e5 45. Kxa5 e4 46. b4 e3
47. b5 Nd5 48. b6 Nxb6 49. Kxb6 e2 50. a5 e1=Q 51. a6 Qe4 52. a7 Qa8 53. h4 Kg7
54. Ka6 h6 55. Kb6 hxg5 56. hxg5 f6 57. gxf6+ Kxf6 58. Ka6 0-1